¿ Es bidimensional la percepción social de la agresión ? (Record no. 79536)

MARC details
000 -CABECERA
campo de control de longitud fija 00668nam a2200241 a 4500
005 - FECHA Y HORA DE LA ÚLTIMA TRANSACCIÓN
campo de control 20210219153536.0
008 - ELEMENTOS DE LONGITUD FIJA--INFORMACIÓN GENERAL
campo de control de longitud fija 991125n 000 0 spa u
035 ## - NÚMERO DE CONTROL DEL SISTEMA
Número de control de sistema UPN01000105582
100 1# - ASIENTO PRINCIPAL--NOMBRE PERSONAL
Nombre de persona Varela, Jesús
222 ## - TÍTULO CLAVE
Título clave REVISTA DE PSICOLOGIA GENERAL Y APLICADA
245 ## - MENCIÓN DE TÍTULO
Título ¿ Es bidimensional la percepción social de la agresión ?
260 ## - PUBLICACIÓN, DISTRIBUCIÓN, ETC.
Lugar de publicación, distribución, etc. Santiago de Compostela, España
300 ## - DESCRIPCIÓN FÍSICA
Extensión 5-10
362 0# - FECHAS DE PUBLICACIÓN Y/O DESIGNACIÓN SECUENCIAL
Fecha de publicación y/o designación secuencial 1991 Vol. 44, no. 1, ene.
653 0# - TERMINO DE INDIZACION - NO CONTROLADO
Término no controlado AGRESIVIDAD
653 0# - TERMINO DE INDIZACION - NO CONTROLADO
Término no controlado CONDUCTA
700 1# - ASIENTO SECUNDARIO--NOMBRE DE PERSONAL
Nombre de persona Arce, Constantino
700 1# - ASIENTO SECUNDARIO--NOMBRE DE PERSONAL
Término indicativo de función/relación coaut.
700 1# - ASIENTO SECUNDARIO--NOMBRE DE PERSONAL
Nombre de persona Sabucedo, José Manuel,
700 1# - ASIENTO SECUNDARIO--NOMBRE DE PERSONAL
Término indicativo de función/relación coaut.
904 ## - ELEMENTOS DE DATOS D LOCAL, LDD (RLIN)
a AC
b 043393
905 ## - TIPO DE MATERIAL
Tipo de material Articulo

No items available.